00921 a2200181 45000010006000000050017000060080041000230030015000640400040000790800061001192450050001800200018002302640068002483000019003165050347003351000027006827000030007095971820260407155851.0260407a1985 arg spa dAR-UNSa-BCEJYS aAR-UNSa-BCEJYSbspacAR-UNSa-BCEJYS a352(460)xAdministración Municipal y Local de España10aLas competencias de las corporaciones locales a84-7088-406-9 1aMadrid :bInstituto de Estudios de Administración Localc1985 a126 p.c21 cm. a1. El proceso histórico de la distinción «asuntos propios-asuntos delegados» - 2. El problema de la determinación de las competencias locales en la actual Constitución - 3. Competencias propias - 4. Competencias propias sometidas a instrucciones - 3. Competencias transferidas o delegadas - 4. Competencias asignadas o encomendadas 1 aSosa Wagner, Francisco1 aMiguel García, Pedro de